Un-welcome to Denmark : the paradigm shift and refugee integration /

Un-welcome to Denmark critically assesses the impact of the harsh Danish migration regime on Syrian refugees and welfare professionals and private stakeholders tasked to support their integration into their host society. It thereby traces how a once revered liberal society has turned into Europe...

Full description

Bibliographic Details
Main Authors: Pace, Michelle, 1970- (Author), El-Abd, Sarah (Author)
Format: eBook
Language:English
Published: Manchester : Manchester University Press, 2025.
Subjects:

MARC

Tag First Indicator Second Indicator Subfields
LEADER 00000cam a2200000 i 4500
001 in00005678317
005 20260131175849.5
006 m o d
007 cr cnu---unuuu
008 251016t20252025enk ob 001 0 eng d
040 |a UKMGB  |b eng  |e rda  |e pn  |c UKMGB  |d OCLCO  |d YDX  |d EBLCP  |d P@U  |d JSTOR  |d N$T  |d YDX 
019 |a 1561175599 
020 |a 9781526175328 (electronic bk.) 
020 |a 1526175304  |q electronic book 
020 |a 9781526175304  |q electronic book 
020 |a 1526175320  |q electronic book 
020 |z 9781526175311 
024 8 |a CIPO000306058 
035 |a (OCoLC)1552153810  |z (OCoLC)1561175599 
037 |a 22573/cats36768796  |b JSTOR 
043 |a e-dk---  |a a-sy--- 
050 4 |a HV640.4.D4  |b P33 2025 
072 7 |a POL  |x 062000  |2 bisacsh 
072 7 |a POL  |x 058000  |2 bisacsh 
072 7 |a SOC  |x 066000  |2 bisacsh 
082 0 4 |a 325.489  |2 23 
100 1 |a Pace, Michelle,  |d 1970-  |e author.  |1 https://id.oclc.org/worldcat/entity/E39PCjFxm6Gmp4qjMXhdgMHhRC  |1 https://isni.org/isni/0000000114935585 
245 1 0 |a Un-welcome to Denmark :  |b the paradigm shift and refugee integration /  |c Michelle Pace with Sarah El-Abd. 
264 1 |a Manchester :  |b Manchester University Press,  |c 2025. 
264 4 |c ©2025 
300 |a 1 online resource (xxi, 246 pages) 
336 |a text  |b txt  |2 rdacontent 
337 |a computer  |b c  |2 rdamedia 
338 |a online resource  |b cr  |2 rdacarrier 
504 |a Includes bibliographical references and index. 
505 0 |a Introduction: Un-welcome to Denmark: The paradigm shift and refugee integration -- Is there something rotten in the state of Denmark? Danish immigration policies and welfare nationalism -- Engaging with multiple actors over a ten-year period: The choice of a mixed-method design -- Part I: The gaze -- Theorising the 'unwelcome' migrant 
505 8 |a Programmatic structures: The Danish integration 'crisis' and the making of Denmark's IGU programme -- Tracing legislative intent in the Danish Aliens Act from 1983 to 2019 -- Part II: The maze -- Navigating the Danish 'integration' maze: The everyday lived experience of the unwelcomed (im)migrant -- Who actually supports integration of refugees? The invisible sensibilities of welfare professionals -- 'We speak of resources rather than refugees': Understanding private employers' navigation techniques for Denmark's immigration control regime. 
520 |a Un-welcome to Denmark critically assesses the impact of the harsh Danish migration regime on Syrian refugees and welfare professionals and private stakeholders tasked to support their integration into their host society. It thereby traces how a once revered liberal society has turned into Europe's strictest migration regimes. 
532 1 |3 EBSCOhost  |a "EBSCO evaluates our products based on the Web Content Accessibility Guidelines (WCAG) and the related Section 508 and EN 301 549 regulations in the US and EU. Most EBSCO products are substantially conformant with WCAG 2.2 level AA." Source: https://connect.ebsco.com/s/article/EBSCO-VPATs?language=en_US. Last accessed April 22, 2025. 
588 |a Description based on online resource; title from digital title page (viewed on January 26, 2026). 
650 0 |a Refugees  |z Denmark  |x Social conditions. 
650 0 |a Refugees  |x Legal status, laws, etc.  |z Denmark. 
650 0 |a Refugees  |z Syria. 
650 0 |a Social integration  |z Denmark. 
651 0 |a Denmark  |x Emigration and immigration  |x Social aspects. 
650 6 |a Réfugiés  |z Syrie. 
650 6 |a Intégration sociale  |z Danemark. 
650 7 |a Refugees  |x Social conditions  |2 fast 
650 7 |a Refugees  |x Legal status, laws, etc.  |2 fast 
650 7 |a Refugees  |2 fast 
650 7 |a Social integration  |2 fast 
651 7 |a Denmark  |2 fast  |1 https://id.oclc.org/worldcat/entity/E39QbtfRC7kMQT98kFPPM9vCkc 
651 7 |a Syria  |2 fast  |1 https://id.oclc.org/worldcat/entity/E39QbtfRrbPWVQ3tvhM9q9jX7B 
650 7 |a POLITICAL SCIENCE / Geopolitics  |2 bisacsh 
700 1 |a El-Abd, Sarah,  |e author. 
776 0 8 |i Print version:  |z 9781526175311 
776 0 8 |i Print version:  |a Pace, Michelle  |t Un-Welcome to Denmark  |d Manchester : Manchester University Press,c2025  |z 9781526175311 
852 8 |b POD  |z This title is available for the library to purchase for your use. Click the "Purchase It For Me" button to place a request. This item will take 5-10 business days to arrive. 
955 |a Ebook POD title 
961 |m 565731 
999 f f |i 3a15e046-5302-4a10-8f4f-24b3b34533df  |s 6904e094-508a-41f2-8b92-95d2850f2498  |t 0 
952 f f |a Texas A&M University  |b College Station  |c Sterling C. Evans Library  |s Evans POD  |d Purchase on Demand  |t 0  |e HV640.4.D4 P33 2025  |h Library of Congress classification 
998 f f |a HV640.4.D4 P33 2025  |t 0  |l Purchase on Demand